Critique of Religion and Philosohy
保存先:
| 第一著者: | |
|---|---|
| フォーマット: | 図書 |
| 言語: | Undetermined |
| 出版事項: |
New Jersey, Estados Unidos
Princeton University Press
1958
|
| 主題: | |
| タグ: |
タグ追加
タグなし, このレコードへの初めてのタグを付けませんか!
|
MARC
| LEADER | 00000nam a2200000Ia 4500 | ||
|---|---|---|---|
| 008 | 170316s9999 xx 000 0 und d | ||
| 090 | |a 100 K-5c | ||
| 100 | |a Kaufmann, Walter | ||
| 245 | |a Critique of Religion and Philosohy | ||
| 260 | |a New Jersey, Estados Unidos | ||
| 260 | |b Princeton University Press | ||
| 260 | |c 1958 | ||
| 300 | |a 453 páginas | ||
| 650 | |a FILOSOFÍA | ||
| 650 | |a RELIGIÓN | ||
| 999 | |c 16699 |d 16699 | ||
| 040 | |a cru BVZT | ||
| 942 | |c 15 D |h 100 K-5c |2 z | ||
